| 000 | 003780000a22001570004500 | ||
|---|---|---|---|
| 060 | _a100 | ||
| 082 | _a582.1303 DIC | ||
| 100 | _aWillis, J C | ||
| 245 | _aDictionary of the flowering plants and ferns | ||
| 250 | _a7 | ||
| 260 | _aCambridge, At tbe University Press | ||
| 260 | _c1966 | ||
| 300 | _a1214 | ||
| 650 | _aFlowering plants - ferns- dictionary | ||
| 942 | _cBK | ||
| 999 |
_c366820 _d366820 |
||